00000000nam 2200000za 4500
0019.574583
003CaOODSP
00520250808102953
007cr |||||||||||
008150406|1995||||xxc|||||o    f|0| 0 eng d
022 |a1205-9153
040 |aCaOODSP|beng
043 |an-cn---
0861 |aCS11-0019/87E-PDF
1001 |aBaldwin, John R. |q(John Russel)
24500|aProductivity growth, plant turnover and restructuring in the Canadian manufacturing sector / |h[electronic resource]|cby John R. Baldwin.
260 |aOttawa - Ontario : |bStatistics Canada |cNovember 1995.
300 |a24p.|bgraphs, tables
4901 |aAnalytical Studies Branch research paper series|x1205-9153|vNo. 87
500 |aThe catalogue number (11F0019MPE) and ISBN (0-660-15590-7) for the print edition have been incorrectly copied in this electronic publication.
504 |aBibliography.
5203 |aFirm turnover occurs as firms gain and lose market share as part of the competitive struggle. The reallocation of market share from one group to another is associated with productivity gain as the less productive lose share and the more productive gain market share. This paper examines the extent to which productivity has been enhanced by firm turnover over the last twenty years. It focuses on the extent to which this process changed during the 1980s and thereby contributed to the slowdown in productivity growth that was experienced by the manufacturing sector.--Abstract
590 |a12-34-Supp|b2012-07-31
69007|aManufacturing industry|2gcpds
7102 |aStatistics Canada.
77508|tCroissance de la productivité, transfert de parts de marché et restructuration dans le secteur canadien de la fabrication / |w(CaOODSP)9.604325
7760#|tProductivity growth, plant turnover and restructuring in the Canadian manufacturing sector / |w(CaOODSP)9.612696
830#0|aResearch paper series (Statistics Canada. Analytical Studies Branch)|x1205-9153|vNo. 87|w(CaOODSP)9.504421
85640|ahttp://publications.gc.ca|qPDF|s1.02 MB |uhttps://publications.gc.ca/collections/Collection/CS11-0019-87E.pdf|yNo. 87